Countries in Oceania - Statistics

General Stats
  • This quiz has been taken 41 times
  • The average score is 9 of 10
Answers on the Grid
Answers color-coded by a green-red scale on the quiz's grid according to % correct below.
Papua New Guinea
Fiji
Toa
Samoa
Singapore
Falkirk Islands
Barbados
Fiji
Australia
Tuvalu
U.S.A.
Palau
Nauru
Vanuatu
Kiribati
East Timor
Brunei
Romania
Belarus
Maldives
 
Answer Stats
Answer % Correct
Fiji
100%
Papua New Guinea
96%
Fiji
92%
Samoa
92%
Kiribati
84%
Nauru
84%
Palau
84%
Tuvalu
84%
Vanuatu
84%
Australia
80%
No matching quizzes found
Score Distribution
Percent of People with Each Score
Percentile by Number Answered
Your Score History
You have not taken this quiz